Manažérstvo kvality a komplexná akreditácia vysokých škôl
Manažérstvo kvality vzdelávania na vysokých školách. Schéma oblastí a podoblastí vzdelávania a výskumu pri komplexnej akreditácii vysokej školy. Niekoľko základných charakteristík celej koncepcie kvalitného vzdelávacieho procesu. Komplexná akreditácia činností vysokej školy.
Enregistré dans:
| Auteur principal: | |
|---|---|
| Autres auteurs: | |
| Format: | Chapitre de livre |
| Langue: | slovaque |
| Sujets: | |
| Tags: |
Pas de tags, Soyez le premier à ajouter un tag!
|
MARC
| LEADER | 00000naa a2200000 4500 | ||
|---|---|---|---|
| 001 | r048742 | ||
| 005 | 20231002070529.5 | ||
| 041 | 0 | |a slo | |
| 044 | |a SK | ||
| 245 | 1 | 0 | |a Manažérstvo kvality a komplexná akreditácia vysokých škôl |c Jana Šalgovičová, Matej Bílý |
| 520 | |a Manažérstvo kvality vzdelávania na vysokých školách. Schéma oblastí a podoblastí vzdelávania a výskumu pri komplexnej akreditácii vysokej školy. Niekoľko základných charakteristík celej koncepcie kvalitného vzdelávacieho procesu. Komplexná akreditácia činností vysokej školy. | ||
| 610 | 2 | 0 | |a školy vysoké |
| 610 | 2 | 0 | |a akreditácia |
| 610 | 2 | 0 | |a riadenie kvality |
| 610 | 2 | 0 | |a vzdelávanie |
| 610 | 2 | 0 | |a modely |
| 100 | 1 | |a Šalgovičová, Jana | |
| 700 | 1 | |a Bílý, Matej | |